| 000 | 00453nam a2200121 i 4500 | ||
|---|---|---|---|
| 001 | bg | ||
| 245 | N |
_aReferaty na IV sympozjum p.n. Metody heurezy : _b24 września 1977. Z.1 / _cPolskie Towarzystwo Cybernetyczne. Oddz. w Warszawie, Międzyuczelniany Instytut Filozofii i Socjologii przy UMCS w Lublinie - Zespół Heurystyki. |
|
| 260 |
_aWarszawa, _c1977. |
||
| 040 | _cBPK | ||
| 041 | _apol | ||
| 942 | _cKS | ||
| 008 | s pl f |000 0 pol | ||
| 999 |
_c34864 _d34864 |
||
| 856 |
_uhttp://koha.tu.koszalin.pl/cgi-bin/koha/opac-detail.pl?biblionumber=34864 _yKatalog online BPK |
||